Handbook of Laboratory Experiments in Physics

Gespeichert in:
Bibliographische Detailangaben
Hauptverfasser: Veselá, Eva (Verfasst von), Vacek, Václav (Verfasst von)
Format: Buch
Sprache:Englisch
Veröffentlicht: Praha : České vysoké učení technické v Praze, 2010
Ausgabe:2. vyd.
Schlagworte:
Tags: Tag hinzufügen
Keine Tags, Fügen Sie das erste Tag hinzu!

MARC

LEADER 00000nam a22000003a 4500
001 stu298866
005 20150617225622.9
008 141006s--------xr------------------eng-d
020 |a 978-80-01-04593-0 
040 |a STU  |b slo 
041 0 |a eng 
044 |a xr 
100 1 |a Veselá, Eva  |4 aut 
245 1 |a Handbook of Laboratory Experiments in Physics 
250 |a 2. vyd. 
260 |a Praha :  |b České vysoké učení technické v Praze,  |c 2010 
300 |a 109 s 
650 7 |a fyzika  |2 stusub 
700 1 |a Vacek, Václav  |4 aut 
996 |b 284J043033  |c J*117246  |l JJST  |s P  |a 0  |w stu298866_0001